000 00326nam a2200121Ia 4500
008 220204s9999 xx 000 0 und d
020 _a8172242875
082 _a929A/Z(CHA)
_bCHA
100 _aChaudhuri, N C
245 4 _aThe autobiography of an unknown Indian
260 _aMumbai
_bJaico Publishing House
_c2002
942 _cBK
999 _c42090
_d42090